|
|
|
|
| LEADER |
00903pam a22002178a 4500 |
| 001 |
00015744 |
| 005 |
20171026081022.0 |
| 008 |
110330s2002 ||||||Viesd |
| 041 |
0 |
# |
|a Vie
|
| 082 |
1 |
4 |
|a 303.445 1
|b B450T
|
| 110 |
1 |
# |
|a Viện thông tin khoa học xã hội
|
| 245 |
0 |
0 |
|a Bộ tài liệu các vấn đề Trung Quốc và những vấn đề có liên quan
|
| 260 |
# |
# |
|a {Knxb]
|b Viện thông tin khoa học xã hội
|c 2002
|
| 300 |
# |
# |
|a 300 tr.
|c 26 cm.
|
| 500 |
# |
# |
|a 21 tài liệu
|
| 653 |
# |
# |
|a Trung Quốc
|a chủ nghĩa xã hội
|a kinh tế
|
| 852 |
# |
# |
|b Kho mượn
|j KM.0001181, KM.0001182, KM.0001183, KM.0001184
|
| 852 |
# |
# |
|b Kho đọc
|j KD.0001081
|
| 852 |
# |
# |
|j KD.0001081
|j KM.0001181
|j KM.0001182
|j KM.0001184
|j KM.0001183
|
| 910 |
|
|
|d 30/03/2011
|
| 980 |
# |
# |
|a Trung tâm Học liệu Lê Vũ Hùng, Trường Đại học Đồng Tháp
|